Państwa z największą ilością osób mówiących po rosyjsku - Statystyki

Ogólne statystyki
  • Ten quiz został rozwiązany 25 razy
  • Średni wynik to 13 z 16
Statystyki odpowiedzi
# Osoby % Państwo % Poprawnych
118 581 514 85,7 Rosja
100%
14 273 670 29,6 Ukraina
100%
6 672 964 70,2 Białoruś
95%
383 118 29,6 Estonia
95%
218 383 7,20 Litwa
95%
698 757 33,8 Łotwa
95%
3 793 800 21,2 Kazachstan
91%
482 200 8,90 Kirgistan
86%
264 162 9,70 Mołdawia
86%
900 205 0,30 Stany Zjednoczone
82%
77 177 1,40 Finlandia
73%
305 802 5,40 Turkmenistan
73%
112 150 0,30 Kanada
68%
2 257 000 2,80 Niemcy
68%
122 449 1,40 Azerbejdżan
64%
1 155 960 15 Izrael
27%
Nie znaleziono quizów pasujących do podanych kryteriów
Rozkład punktacji
Procent ludzi z każdym wynikiem
Percentyl według liczby udzielonych odpowiedzi
Twoja historia wyników
Nie rozwiązałeś tego quizu